Extel 100 : The centenary history of the exchange telegraph company

Đã lưu trong:
書目詳細資料
主要作者: Scott, J. M.
格式: 圖書
語言:Undetermined
出版: London Ernest Benn Limited 1972
主題:
標簽: 添加標簽
沒有標簽, 成為第一個標記此記錄!
Thư viện lưu trữ: Trung tâm Học liệu Trường Đại học Cần Thơ
LEADER 00522nam a2200193Ia 4500
001 CTU_83027
008 210402s9999 xx 000 0 und d
082 |a 384.1 
082 |b S428 
100 |a Scott, J. M. 
245 0 |a Extel 100 : 
245 4 |b The centenary history of the exchange telegraph company 
245 0 |c J. M. Scott 
260 |a London 
260 |b Ernest Benn Limited 
260 |c 1972 
650 |a Telegraphy 
904 |i QHieu(sửa) 
980 |a Trung tâm Học liệu Trường Đại học Cần Thơ